La vie quotidienne sous Louis XIV

Uloženo v:
Podrobná bibliografie
Hlavní autor: Mongredien, Georges (autor)
Médium: Kniha
Jazyk:francouzština
Vydáno: París Hachette 1948
Témata:
Tagy: Přidat tag
Žádné tagy, Buďte první, kdo vytvoří štítek k tomuto záznamu!

MARC

LEADER 00000nam a2200000 a 4500
001 UCZ7771
003 CL-VaPUC
008 960109e19480000FR |||||||||||||||||fre|d
082 0 4 |a 944.08  |b MON  |2 21 
100 |a Mongredien, Georges  |e autor  |9 568310 
245 1 3 |a La vie quotidienne sous Louis XIV 
300 |a 250 p 
942 |c BK 
945 |d 19960109 00:00:00  |a mcarcey 
260 |a París  |b Hachette  |c 1948 
600 0 7 |a LUIS XIV, REY DE FRANCIA  |2 CL-VaPUC  |9 345292 
650 7 |a HISTORIA DE FRANCIA SIGLO 18  |2 CL-VaPUC  |9 345414 
650 0 |a Burguesía  |9 318985 
650 0 |a Vida y costumbres  |9 611784 
650 0 |a Cultura  |9 269059 
651 0 |a Francia  |9 255157 
583 |a last modification  |c 20160817 05:34:09  |k Rodrigo Vera 
999 |c 243779  |d 243777 
952 |0 0  |1 0  |4 0  |6 944_080000000000000_MON_1948  |7 0  |8 A  |9 257577  |a BIBEDU  |b BIBEDU  |d 2019-11-19  |i 3162796  |o 944.08 MON 1948  |p 3162796  |r 2019-11-19  |w 2019-11-19  |y BK  |k LIT